| 000 | 00872cab a2200253 4500 | ||
|---|---|---|---|
| 001 | WB3240-04 | ||
| 008 | 090401t1996 xxu||||| |||| 00| 0 eng d | ||
| 035 | _a(Sirsi) u33795 | ||
| 041 | _aeng | ||
| 245 | _aConstruction industry out of recession | ||
| 260 | _c1996 | ||
| 350 | _a0 | ||
| 490 |
_aRICS Press Release _vPR128.cons 18 October 1996, (4) |
||
| 520 | _aA 1.4% rise in chartered surveyors` workloads for 3Q 1996 suggests the construction industry is emerging from recession, according to the "RICS construction workload survey". Copies available from the Library, price £15. | ||
| 650 | _aABOUT RICS-RICS MEMBERS | ||
| 650 | _aCONSTRUCTION MARKET | ||
| 650 | _aRECESSION | ||
| 650 | _aRICS CONSTRUCTION WORKLOAD SURVEY | ||
| 650 | _aRICS SURVEY | ||
| 650 | _aWORKLOAD SURVEY | ||
| 690 | _aBUILT ENVIRONMENT | ||
| 942 | _n0 | ||
| 948 | _c04/03/1997 | ||
| 999 |
_c22503 _d22503 |
||